Como hablar con tus hijos de las drogas y el alcohol /

Guardado en:
Autor Principal: Kuhn, Cynthia
Otros Autores: Swartzwelder, Scott, Wilson, Wilkie
Formato: Libro
Publicado: Buenos Aires : Paidós
Series:Guías para padres; No. 74
Materias:
Etiquetas: Agregar Etiqueta
Sin Etiquetas, Sea el primero en etiquetar este registro!
LEADER 00691nam a22002295a 4500
001 CEM.cems011503
005 20071213160050.0
008 130507b######################000#0#####d
003 CEMS
020 |a 8449314593 
082 0 4 |a 616.86 
100 1 |a Kuhn, Cynthia 
245 1 0 |a Como hablar con tus hijos de las drogas y el alcohol /  |c Cynthia Kuhn, Scott Swartzwelder y Wilkie Wilson 
260 |a Buenos Aires :  |b Paidós 
300 |a 197 p. 
490 0 |a Guías para padres; No. 74 
653 |a Drogas 
653 |a Alcohol 
653 |a Drogadicción-prevención 
700 1 |a Swartzwelder, Scott 
700 1 |a Wilson, Wilkie 
859 |a CEMS  |b BIB. CEMS - 11 de abril  |h 616.86  |i K954  |p 22463.04  |t Ej.1